[Event "RUS-chT 13th"]
[Site "Sochi"]
[Date "2006.04.30"]
[Round "11"]
[White "Ivanchuk, Vassily"]
[Black "Grischuk, Alexander"]
[Result "1/2-1/2"]
[WhiteElo "2731"]
[BlackElo "2719"]
[PlyCount "80"]
[EventDate "2006.04.20"]
[EventType "team-tourn"]
[EventRounds "11"]
[EventCountry "RUS"]
[SourceTitle "EXT 2020"]
[Source "ChessBase"]
[SourceDate "2019.10.17"]
[SourceVersion "1"]
[SourceVersionDate "2019.10.17"]
[SourceQuality "1"]
[WhiteTeam "Saransk TPS"]
[BlackTeam "Sverdlovsk Ural region"]
[WhiteTeamCountry "RUS"]
[BlackTeamCountry "RUS"]

1. e4 e5 2. Nf3 Nc6 3. Bb5 a6 4. Ba4 Nf6 5. O-O Be7 6. Re1 b5 7. Bb3 O-O 8. h3
Bb7 9. d3 d6 10. a3 Qd7 11. Nc3 Nd8 12. d4 exd4 13. Nxd4 Re8 14. Nf5 Ne6 15.
Be3 Bf8 16. Qf3 c5 17. Bd5 Nxd5 18. Nxd5 Bxd5 19. exd5 Nc7 20. Bd2 Rxe1+ 21.
Rxe1 Re8 22. Rxe8 Nxe8 23. b3 g6 24. Nh6+ Bxh6 25. Bxh6 Qe7 26. c4 bxc4 27.
bxc4 f6 28. Bd2 h5 29. Qb3 Ng7 30. Qb6 Qe5 31. Qxa6 Qa1+ 32. Kh2 Qe5+ 33. f4
Qe2 34. Ba5 Nf5 35. Qc8+ Kh7 36. Qd7+ Kh6 37. Qd8 Kh7 38. Qxf6 Qf2 39. Qf7+ Kh6
40. Qf8+ Kh7 1/2-1/2

[Event "Olympiad-37"]
[Site "Turin"]
[Date "2006.05.27"]
[Round "6"]
[White "Van Wely, Loek"]
[Black "Grischuk, Alexander"]
[Result "1/2-1/2"]
[WhiteElo "2655"]
[BlackElo "2719"]
[Annotator "Van Wely,L"]
[PlyCount "109"]
[EventDate "2006.05.21"]
[EventType "team-swiss"]
[EventRounds "13"]
[EventCountry "ITA"]
[SourceTitle "CBM 113"]
[Source "ChessBase"]
[SourceDate "2006.07.31"]
[SourceVersion "1"]
[SourceVersionDate "2006.07.31"]
[SourceQuality "1"]
[WhiteTeam "Netherlands"]
[BlackTeam "Russia"]
[WhiteTeamCountry "NED"]
[BlackTeamCountry "RUS"]

1. d4 Nf6 2. c4 e6 3. Nc3 Bb4 4. Qc2 O-O 5. a3 Bxc3+ 6. Qxc3 b6 7. Nf3 Bb7 8.
e3 d6 9. Be2 {Before the game I spent a lot of time on figuring out the right
move order, but didn't find a clear answer however. It's interesting to see
how Sascha putting his finger immediately where it hurts most!} (9. b4 {
with a delay of the kingside development, has its consequences , too.}) 9...
Ne4 10. Qc2 Ng5 $5 {I vaguely remember Vladimir Chuchelov playing this move in
some blitz games against me. The good thing was that he good butchered very
badly, the bad thing was that is was just blitz, and worse: my memory was
letting me down.} 11. h4 $5 {The coffeehouse is opened!} Nxf3+ 12. gxf3 Qf6 13.
Rh3 e5 14. d5 c6 15. e4 Qe7 16. Be3 f5 $2 {A bad move accompanied with a draw
offer.} ({The offer was worth considering after} 16... cxd5 {although I must
admit that during the game I thought it would be dangerous for Black after} 17.
exd5 {but analysing it now, it all looks very double-edged} (17. cxd5 Ba6)
17... Nd7 18. O-O-O b5 19. Rg1 Kh8 20. Rhg3 Rg8 21. Qb3 (21. Bd3 Nf6 22. Bg5 h6
) 21... a6) 17. exf5 (17. dxc6 Nxc6 18. exf5 Bc8 {and Black is taking over.})
17... Bc8 (17... cxd5 18. Rg3 Kh8 19. h5 $1 h6 (19... d4 20. h6) 20. Rg6 d4 21.
Bxh6 gxh6 22. Rxh6+ Kg8 23. Rg6+ Kh8 24. Qd2 $40) 18. Bd3 Qf7 19. Rg3 Kh8 20.
O-O-O Bxf5 21. Bxf5 $2 {Looks tempting, but hard calculation would have
brought the point home immediately.} (21. Rdg1 $1 Bxd3 22. Qxd3 Rg8 (22... c5
23. Rxg7 Qxg7 24. Rxg7 Kxg7 25. Qe4 $18) (22... cxd5 23. Rxg7 Qxg7 24. Rxg7
Kxg7 25. Qxd5 Nd7 26. Qb7 Rfd8 27. Bg5 $18) 23. Bh6 g6 24. h5 {with a crushing
attack}) 21... Qxf5 22. Qxf5 Rxf5 23. dxc6 Rf6 (23... Nxc6 24. Rxd6 Na5 25. Rd7
g6 26. Rc7 $18) 24. Bg5 $6 (24. Rdg1 Nxc6 25. Rxg7 Rc8 $16 (25... Nd4 26. Bxd4
exd4 27. Rd7 Rg8 28. Rxg8+ Kxg8 29. Rxa7 $18)) (24. c7 Na6 25. Rdg1 Rf7 26. Bh6
g6 27. h5 Rxc7 28. hxg6 Rxc4+ 29. Kb1 {were both promising possibilities})
24... Re6 25. c7 Na6 26. f4 exf4 27. Bxf4 Nxc7 28. Bxd6 (28. Rxd6 Re4 29. Rc6
Rxf4 (29... Ne6 30. Be3) 30. Rxc7 Rxh4 {and Black might hold.}) 28... Ne8 {
White has still a big advantage, but Black at least avoided an immediate
defeat.} 29. Bb4 (29. Re3 Rxd6 30. Rxe8+ Rxe8 31. Rxd6 {I tried to evaluate
this rook's endgame, but finally I decided to play on with equal material, but
with better pieces, avoiding a possibble draw in the rook's endgame.}) 29...
Re4 30. b3 (30. h5 Rxc4+ 31. Bc3 h6 32. Rd7 Nf6 $1 33. Rdxg7 Rxc3+ $1 34. bxc3
Nxh5 {just saves Black again.}) 30... Rxh4 31. Rd7 $6 (31. Bc3 $142 Rf4 32. Rd7
h5 33. Bxg7+ Nxg7 34. Rgxg7 Rxf2 35. Rh7+ Kg8 36. Rxh5 Re8 37. Rhd5 $16) 31...
Rh1+ (31... Rf4 32. Bc3 Rxf2 (32... h5 $8) 33. Rdxg7 Rf1+ 34. Kd2 Nxg7 35. Rxg7
Rf2+ 36. Ke3 Rc2 37. Bd4 $18) 32. Kd2 (32. Kc2 Rh2 33. Rf7 Nf6 34. Rgxg7 Rxf2+
35. Kd1 Rd8+ 36. Ke1 Rc2 37. Rxa7) 32... Nf6 33. Rgxg7 Nxd7 34. Bc3 h6 (34...
h5 35. Rg1+ Kh7 36. Rxh1 Kg6 37. b4) 35. Rg1+ Kh7 36. Rg7+ Kh8 37. Rg1+ Kh7 38.
Rxh1 Nc5 39. Kc2 Rf8 40. Bd4 Rf5 41. b4 Ne6 42. Be3 h5 43. Kd3 Kg6 44. Rg1+ $2
{This time the transposition to the rook's endgame was a safe bet:} (44. Ke4
Ng5+ (44... Kf6 45. f4 $1 $18) 45. Bxg5 Rxg5 46. f4 Rg3 47. c5 bxc5 48. bxc5
Rxa3 49. Rc1 Rb3 50. c6 Rb8 51. c7 Rc8 52. Ke5 $18) 44... Kf6 45. Rg8 Ke5 46.
Re8 $2 (46. Rh8 Nf4+ 47. Kc3 {and White's queenside will soon become more
important than Black's h-pawn.}) 46... h4 47. f4+ (47. Rh8 Nf4+ 48. Kc3 Ng2 (
48... Nh5 49. Re8+ Kd6 50. Re4) 49. Bd4+ Ke4 {is already getting too tricky})
47... Kf6 48. Ke4 (48. Rh8 Nxf4+ 49. Ke4 Ng6 50. Bd4+ Kg5 51. Rh7 $13) 48...
Rh5 49. Bg1 (49. f5 {was White's last chance.} Ng7 (49... Rxf5 50. Rh8 $16) 50.
Rf8+ Ke7 51. Ra8 h3 52. Rxa7+ Kf8 53. Ra8+ (53. Bf4 $4 Rh4) 53... Kf7 54. Bf4
h2 (54... Rh4 55. Ke5 h2 56. Bxh2 Rxh2 57. Ra7+ Kf8) 55. Ra7+ Kg8 56. Bxh2 Rxh2
) 49... h3 50. Bh2 Rh7 51. Kf3 Kf5 52. Kg3 Rg7+ ({Due to White's great play,
just a look at the harmony of White's king and bishop, black could already get
some nasty ideas, such as playing for a win. To back those ideas, he should
start with} 52... Rc7 53. Rh8 (53. Kxh3 Rxc4 54. Re7 Rc3+ 55. Kh4 Rxa3 56. Rf7+
Kg6 57. Rd7) 53... Rxc4 54. Rh5+ Kg6 55. Kg4 $2 (55. Rh4) 55... Nxf4 56. Rg5+
Kh6 57. Bxf4 Rxf4+ 58. Kxf4 h2) 53. Kxh3 Nxf4+ 54. Bxf4 Kxf4 55. c5 1/2-1/2

[Event "Foros Aerosvit"]
[Site "Foros"]
[Date "2006.06.26"]
[Round "9"]
[White "Grischuk, Alexander"]
[Black "Volokitin, Andrei"]
[Result "1-0"]
[WhiteElo "2719"]
[BlackElo "2660"]
[PlyCount "121"]
[EventDate "2006.06.17"]
[EventType "tourn"]
[EventRounds "11"]
[EventCountry "UKR"]
[EventCategory "18"]
[SourceTitle "CBM 113"]
[Source "ChessBase"]
[SourceDate "2006.07.31"]
[SourceVersion "1"]
[SourceVersionDate "2006.07.31"]
[SourceQuality "1"]

1. e4 e5 2. Nf3 Nf6 3. Nxe5 d6 4. Nf3 Nxe4 5. d4 d5 6. Bd3 Nc6 7. O-O Be7 8. c4
Nb4 9. Be2 O-O 10. Nc3 Bf5 11. a3 Nxc3 12. bxc3 Nc6 13. Re1 Re8 14. cxd5 Qxd5
15. Bf4 Rac8 16. h3 Be4 17. Qa4 Qf5 18. Bg3 Bc2 19. Qb5 Qxb5 20. Bxb5 a6 21.
Bxc6 bxc6 22. Ra2 Ba4 23. c4 Bb3 24. Rae2 Kf8 25. c5 Bd5 26. Ne5 Rcd8 27. Re3
a5 28. h4 f6 29. Nd3 Bf7 30. Bxc7 Rxd4 31. Nf4 a4 32. Ne6+ Bxe6 33. Rxe6 f5 34.
Bd6 Re4 35. R1xe4 fxe4 36. Bxe7+ Rxe7 37. Rxc6 e3 38. Rc8+ Kf7 39. Kf1 exf2 40.
c6 Ke6 41. Kxf2 Kd6 42. c7 g6 43. g3 Kc6 44. Kf3 Rf7+ 45. Ke4 Re7+ 46. Kd4 Rf7
47. Ra8 Rxc7 48. Rxa4 Kd6 49. Rc4 Rf7 50. Rc3 Rf1 51. Kc4 g5 52. hxg5 Rf5 53.
Kb4 Rxg5 54. a4 h5 55. a5 Rg4+ 56. Kb5 h4 57. gxh4 Rxh4 58. a6 Rh1 59. a7 Rb1+
60. Ka4 Ra1+ 61. Ra3 1-0

[Event "Wch Blitz 1st"]
[Site "Rishon Le Ziyyon"]
[Date "2006.09.07"]
[Round "3"]
[White "Erenburg, Sergey"]
[Black "Grischuk, Alexander"]
[Result "1-0"]
[WhiteElo "2585"]
[BlackElo "2709"]
[PlyCount "81"]
[EventDate "2006.09.07"]
[EventType "tourn (blitz)"]
[EventRounds "15"]
[EventCountry "ISR"]
[EventCategory "16"]
[SourceTitle "CBM 114 Extra"]
[Source "ChessBase"]
[SourceDate "2006.11.03"]
[SourceVersion "1"]
[SourceVersionDate "2006.11.03"]
[SourceQuality "1"]

1. e4 d6 2. d4 Nf6 3. Nc3 g6 4. Be3 a6 5. a4 Bg7 6. h3 O-O 7. Nf3 Nc6 8. Be2 e5
9. O-O exd4 10. Nxd4 Re8 11. Bf3 Ne5 12. Be2 Ned7 13. Bd3 Nc5 14. Qf3 c6 15.
Nb3 Nxd3 16. cxd3 Nd7 17. a5 c5 18. Qd1 Nf6 19. Na4 Be6 20. Nb6 Rb8 21. Nd2 Nd7
22. Nxd7 Qxd7 23. Qc2 Qc6 24. Rfc1 Rbd8 25. Ra3 f5 26. f3 Bf7 27. Bf2 Qb5 28.
Nc4 fxe4 29. fxe4 d5 30. exd5 Bxd5 31. Rb3 Qc6 32. Bg3 h5 33. Rb6 Qd7 34. Rxg6
Qf7 35. Rd6 Rxd6 36. Nxd6 Qg6 37. Nxe8 Qxg3 38. Nxg7 Kxg7 39. Qf2 Qxd3 40. Rxc5
Kg6 41. Qc2 1-0

[Event "Wch Blitz 1st"]
[Site "Rishon Le Ziyyon"]
[Date "2006.09.07"]
[Round "4"]
[White "Grischuk, Alexander"]
[Black "Roiz, Michael"]
[Result "1-0"]
[WhiteElo "2709"]
[BlackElo "2611"]
[PlyCount "99"]
[EventDate "2006.09.07"]
[EventType "tourn (blitz)"]
[EventRounds "15"]
[EventCountry "ISR"]
[EventCategory "16"]
[SourceTitle "CBM 114 Extra"]
[Source "ChessBase"]
[SourceDate "2006.11.03"]
[SourceVersion "1"]
[SourceVersionDate "2006.11.03"]
[SourceQuality "1"]

1. d4 d5 2. c4 c6 3. Nf3 Nf6 4. Nc3 a6 5. a4 e6 6. Bg5 a5 7. e3 Be7 8. Be2 O-O
9. O-O Na6 10. Qb3 Nb4 11. Rfd1 b6 12. Na2 Nxa2 13. Rxa2 Nd7 14. Bxe7 Qxe7 15.
cxd5 exd5 16. Rc1 Bb7 17. Qa3 Rfe8 18. Qxe7 Rxe7 19. Ra3 Kf8 20. Bd3 g6 21. g4
Ree8 22. Rb3 Rec8 23. g5 c5 24. Bb5 Bc6 25. Bxc6 Rxc6 26. Rd3 Rac8 27. Kg2 Ke7
28. Rcd1 c4 29. Rc3 R6c7 30. Nd2 f5 31. gxf6+ Nxf6 32. Rb1 Kd7 33. h3 Rb7 34.
b3 cxb3 35. Rcxb3 Rcb8 36. Rb5 Kc6 37. Nf3 Ne4 38. Ne5+ Kd6 39. Rc1 Rc7 40.
Rxd5+ Kxd5 41. Rxc7 b5 42. axb5 Rxb5 43. Rxh7 Rb2 44. Nd3 Rd2 45. Nf4+ Kc4 46.
Kf3 Nxf2 47. Nxg6 Nd3 48. Ne5+ Nxe5+ 49. dxe5 Kd5 50. Rd7+ 1-0

[Event "Wch Blitz 1st"]
[Site "Rishon Le Ziyyon"]
[Date "2006.09.07"]
[Round "5"]
[White "Zoler, Dan"]
[Black "Grischuk, Alexander"]
[Result "0-1"]
[WhiteElo "2455"]
[BlackElo "2709"]
[PlyCount "60"]
[EventDate "2006.09.07"]
[EventType "tourn (blitz)"]
[EventRounds "15"]
[EventCountry "ISR"]
[EventCategory "16"]
[SourceTitle "CBM 114 Extra"]
[Source "ChessBase"]
[SourceDate "2006.11.03"]
[SourceVersion "1"]
[SourceVersionDate "2006.11.03"]
[SourceQuality "1"]

1. d4 Nf6 2. c4 e6 3. Nf3 b6 4. g3 Ba6 5. b3 Bb7 6. Bg2 Bb4+ 7. Bd2 c5 8. O-O
O-O 9. a3 Bxd2 10. Qxd2 cxd4 11. Nxd4 Bxg2 12. Kxg2 d5 13. Nf3 dxc4 14. bxc4
Qc7 15. Rc1 Rd8 16. Qf4 Qxf4 17. gxf4 Nbd7 18. a4 Nc5 19. Nbd2 a5 20. Rcb1 Rd6
21. Nb3 Nfe4 22. Nxc5 Nxc5 23. e3 f6 24. Nd4 Rad8 25. Nb3 Ne4 26. Kf3 f5 27.
Rc1 Rd3 28. c5 Rxb3 29. c6 Rb2 30. Rf1 Nd2+ 0-1

[Event "Wch Blitz 1st"]
[Site "Rishon Le Ziyyon"]
[Date "2006.09.07"]
[Round "6"]
[White "Grischuk, Alexander"]
[Black "Bacrot, Etienne"]
[Result "1/2-1/2"]
[WhiteElo "2709"]
[BlackElo "2707"]
[PlyCount "105"]
[EventDate "2006.09.07"]
[EventType "tourn (blitz)"]
[EventRounds "15"]
[EventCountry "ISR"]
[EventCategory "16"]
[SourceTitle "CBM 114 Extra"]
[Source "ChessBase"]
[SourceDate "2006.11.03"]
[SourceVersion "1"]
[SourceVersionDate "2006.11.03"]
[SourceQuality "1"]

1. e4 e5 2. Nf3 Nc6 3. Bb5 Nf6 4. O-O Nxe4 5. d4 Nd6 6. Bxc6 dxc6 7. dxe5 Nf5
8. Qxd8+ Kxd8 9. Nc3 Ne7 10. h3 Ng6 11. Bg5+ Ke8 12. Rad1 Be7 13. Bxe7 Kxe7 14.
Nd4 Bd7 15. f4 Rad8 16. Ne4 Bc8 17. g4 h5 18. Nf5+ Bxf5 19. gxf5 Rxd1 20. Rxd1
Nxf4 21. Kf2 Rd8 22. f6+ gxf6 23. exf6+ Ke8 24. Rxd8+ Kxd8 25. Kf3 Nxh3 26. Kg3
Ng1 27. Kf2 Nh3+ 28. Kg3 Ng1 29. Nc3 Kd7 30. Kg2 Ke6 31. Kxg1 Kxf6 32. Ne4+ Ke5
33. Nc5 b6 34. Na6 Kd6 35. b4 c5 36. bxc5+ bxc5 37. c4 Ke5 38. Nxc7 Kd4 39.
Nb5+ Kxc4 40. Nxa7 Kb4 41. Nc6+ Ka3 42. Ne5 f5 43. Kf2 Kxa2 44. Ke3 Kb3 45. Kf4
h4 46. Kxf5 h3 47. Nf3 c4 48. Kf4 c3 49. Kg3 Kc4 50. Ne1 Kd4 51. Kxh3 Ke3 52.
Nc2+ Kd3 53. Na3 1/2-1/2

[Event "Wch Blitz 1st"]
[Site "Rishon Le Ziyyon"]
[Date "2006.09.07"]
[Round "9"]
[White "Grischuk, Alexander"]
[Black "Sutovsky, Emil"]
[Result "1-0"]
[WhiteElo "2709"]
[BlackElo "2607"]
[PlyCount "73"]
[EventDate "2006.09.07"]
[EventType "tourn (blitz)"]
[EventRounds "15"]
[EventCountry "ISR"]
[EventCategory "16"]
[SourceTitle "CBM 114 Extra"]
[Source "ChessBase"]
[SourceDate "2006.11.03"]
[SourceVersion "1"]
[SourceVersionDate "2006.11.03"]
[SourceQuality "1"]

1. e4 e5 2. Nf3 Nc6 3. Bb5 a6 4. Ba4 Nf6 5. d3 b5 6. Bb3 Be7 7. a4 Rb8 8. O-O
d6 9. Re1 O-O 10. c3 Be6 11. Bxe6 fxe6 12. Nbd2 Qd7 13. b4 Kh8 14. axb5 axb5
15. Nf1 Ra8 16. Bd2 Rxa1 17. Qxa1 d5 18. Qa6 Rb8 19. Ng3 d4 20. c4 bxc4 21.
Qxc4 Bxb4 22. Bxb4 Rxb4 23. Qc5 Qd6 24. Qc2 Nd7 25. Rc1 Rb6 26. h3 h6 27. Nf1
Nf6 28. N1d2 Nb4 29. Qb3 Nbd5 30. Qc2 Nc3 31. Nc4 Qc5 32. Nxb6 cxb6 33. Kh2 Qa5
34. Qb3 Qa2 35. Rxc3 Qxf2 36. Rc8+ Kh7 37. Qxe6 1-0

[Event "Wch Blitz 1st"]
[Site "Rishon Le Ziyyon"]
[Date "2006.09.07"]
[Round "11"]
[White "Grischuk, Alexander"]
[Black "Anand, Viswanathan"]
[Result "1-0"]
[WhiteElo "2709"]
[BlackElo "2779"]
[PlyCount "57"]
[EventDate "2006.09.07"]
[EventType "tourn (blitz)"]
[EventRounds "15"]
[EventCountry "ISR"]
[EventCategory "16"]
[SourceTitle "CBM 114 Extra"]
[Source "ChessBase"]
[SourceDate "2006.11.03"]
[SourceVersion "1"]
[SourceVersionDate "2006.11.03"]
[SourceQuality "1"]

1. e4 e5 2. Nf3 Nc6 3. Bb5 a6 4. Ba4 Nf6 5. O-O b5 6. Bb3 Bc5 7. a4 Rb8 8. c3
O-O 9. d4 Bb6 10. a5 Ba7 11. Re1 d6 12. h3 Re8 13. Bg5 h6 14. Bh4 g5 15. Nxg5
hxg5 16. Bxg5 exd4 17. Bd5 Bd7 18. cxd4 Nxd4 19. Ra3 Re5 20. Bh4 Be6 21. Rg3+
Kh7 22. Nd2 Bxd5 23. exd5 Rxe1+ 24. Qxe1 Nf5 25. Qb1 Ne4 26. Qxe4 Qxh4 27.
Qxf5+ Kh8 28. Rg4 Qh6 29. Nf3 1-0

[Event "EU-Cup 22nd"]
[Site "Fuegen"]
[Date "2006.10.08"]
[Round "1.3"]
[White "Grischuk, Alexander"]
[Black "Moor, Olivier"]
[Result "1-0"]
[WhiteElo "2710"]
[BlackElo "2388"]
[PlyCount "97"]
[EventDate "2006.10.08"]
[EventType "team-swiss"]
[EventRounds "7"]
[EventCountry "AUT"]
[SourceTitle "CBM 115"]
[Source "ChessBase"]
[SourceDate "2006.11.15"]
[SourceVersion "1"]
[SourceVersionDate "2006.11.15"]
[SourceQuality "1"]
[WhiteTeam "Ural Sverdlovskaya"]
[BlackTeam "Wollishofen"]
[WhiteTeamCountry "RUS"]
[BlackTeamCountry "SUI"]

1. d4 d5 2. c4 c6 3. Nf3 Nf6 4. Nc3 a6 5. a4 e6 6. Bg5 Be7 7. e3 a5 8. Be2 O-O
9. O-O Nbd7 10. Rc1 b6 11. cxd5 exd5 12. Qc2 Bb7 13. Bd3 Re8 14. Rfd1 Nf8 15.
Ne2 Nh5 16. Bxe7 Rxe7 17. Ng3 Nxg3 18. hxg3 g6 19. Qc3 Qd6 20. Qa3 Qb4 21. Rc3
Qxa3 22. bxa3 f6 23. g4 Rc8 24. Rb1 Nd7 25. g5 fxg5 26. Nxg5 c5 27. dxc5 Rxc5
28. Rxc5 Nxc5 29. Bc2 Re5 30. Nf3 Re6 31. Nd4 Rf6 32. Nb5 Ba6 33. Rd1 Bxb5 34.
axb5 Rd6 35. Bb1 Kf7 36. Ba2 Ke6 37. Rd4 Ke5 38. f4+ Kf6 39. Bxd5 Rd7 40. Kf2
Rc7 41. Bc6 Ke7 42. Kf3 Rc8 43. e4 Rf8 44. Rd5 h5 45. g3 Rh8 46. Rd2 Rf8 47.
Ke3 Rh8 48. e5 Kf7 49. Rd6 1-0

[Event "EU-Cup 22nd"]
[Site "Fuegen"]
[Date "2006.10.13"]
[Round "6.4"]
[White "Grischuk, Alexander"]
[Black "Filippov, Valerij"]
[Result "1-0"]
[WhiteElo "2710"]
[BlackElo "2562"]
[Annotator "Krasenkow,M"]
[PlyCount "55"]
[EventDate "2006.10.08"]
[EventType "team-swiss"]
[EventRounds "7"]
[EventCountry "AUT"]
[SourceTitle "CBM 115"]
[Source "ChessBase"]
[SourceDate "2006.11.15"]
[SourceVersion "1"]
[SourceVersionDate "2006.11.15"]
[SourceQuality "1"]
[WhiteTeam "Ural Sverdlovskaya"]
[BlackTeam "Kazan Ladya"]
[WhiteTeamCountry "RUS"]
[BlackTeamCountry "RUS"]

1. d4 Nf6 2. c4 e6 3. Nc3 Bb4 4. Nf3 d5 5. cxd5 exd5 6. Bg5 Nbd7 7. e3 c5 8.
Bd3 Qa5 9. Qc2 c4 10. Bf5 O-O 11. O-O g6 12. Bxd7 Nxd7 13. e4 Nb6 {Keeping the
b4 bishop for kingside defense.} (13... Bxc3 {is played more frequently here.
Here is a classic game:} 14. bxc3 Re8 15. exd5 (15. e5 $142) 15... Nb6 16. d6
Bf5 17. Qd2 Nd5 18. Be7 Nxe7 19. dxe7 Rxe7 20. Rfe1 Rae8 21. Ne5 f6 22. Nxc4
Qxa2 23. g4 Qxd2 24. Rxe7 Qxc3 25. Rxe8+ Kg7 26. Rae1 Qxc4 27. gxf5 Qxd4 28.
R8e7+ Kh6 29. Rxb7 a5 30. Ree7 Qd1+ 31. Kg2 Qg4+ 32. Kf1 {1/2-1/2 Gruenfeld,
E-Spielmann,R/Merano 1926/EXT 2000}) 14. e5 Bf5 (14... Bg4 15. Nh4 Nd7 16. h3
Be6 17. a3 Bxc3 18. bxc3 Kg7 19. Qd2 $16 {1-0 Sunye Neto,J-Lima,D/Sao Paulo
2000/CBM 076 ext (44)}) (14... Re8 15. Nh4 $5 Bd7 16. f4 Na4 17. Rac1 Nxc3 18.
bxc3 Ba3 19. f5 Ba4 20. Qd2 $40 {1-0 Hebden,M-Rogers,I/London 1988/CBM 009 (32)
}) 15. Qd2 Rfe8 16. a3 $5 $146 {[%mdl 8] A successful attempt to rehabilitate
this line, considered harmless after the following game:} (16. Rfe1 Bf8 17. a3
(17. a4 $1) 17... Na4 18. Rac1 Nxc3 19. Rxc3 Qa4 20. Bh6 Be7 21. Qf4 Qd7 22.
Rce3 Be6 23. Ng5 b5 {Black's counterplay comes in-time.} 24. h4 a5 25. h5 b4
26. axb4 axb4 27. Rf3 c3 28. bxc3 b3 $44 {0-1 Cramling,P-Landenbergue,C/Biel
1990/CBM 019 (40)}) 16... Bf8 17. a4 $1 {An important move preventing Black's
queenside counterplay. Now White can prepare his kingside attack (h3,g4,f4-f5
etc.). To support it, his rook, by the way, is placed better on f1 than on e1.}
Nd7 18. h3 a6 19. g4 Be6 (19... Bd3 20. Rfc1 {[%csl Rd3][%cal Rf3e1]}) 20. Bh6
Bb4 $6 {Removing this bishop back to the queenside is not a good idea.} (20...
Qb4 $142 21. Bxf8 Qxf8 $14) 21. Ng5 Qb6 22. a5 $1 {A tempo is more important
than a pawn!} Bxa5 23. f4 f5 (23... Bb4 24. f5 gxf5 25. gxf5 Bxf5 26. Rxf5 Qxh6
27. Kh2 $16 {->}) 24. exf6 Bf7 (24... Nxf6 25. Rxa5 $1 Qxa5 26. f5 gxf5 27.
Nxe6 Ne4 28. Qg2 $18) (24... Bxc3 25. bxc3 Nxf6 {was more stubborn:} 26. f5 Bf7
(26... Bd7 $2 27. fxg6 hxg6 28. Qf2 $18) 27. Nxf7 Ne4 28. Qc1 g5 $1 (28... Kxf7
29. fxg6+ Kg8 (29... Kxg6 30. h4 $18) 30. g7 Nxc3 31. Qe3 $1 Ne4 32. Rab1 Qc7
33. Rf3 $18) 29. Rb1 Qc6 30. Nxg5 Qxh6 31. Nxe4 Qxc1 32. Rfxc1 Rxe4 33. Rxb7
$16 {_|_}) 25. f5 Bb4 $2 (25... Bxc3 $142 26. bxc3 Nxf6 {-see 24...Bxc3}) 26.
fxg6 hxg6 27. Bg7 Ne5 28. Qf2 {[%cal Rf2h4]} 1-0